Leadership : (Record no. 34714)
[ view plain ]
| 000 -LEADER | |
|---|---|
| fixed length control field | 00387nam a22001577a 4500 |
| 005 - DATE AND TIME OF LATEST TRANSACTION | |
| control field | 20231121091942.0 |
| 008 - FIXED-LENGTH DATA ELEMENTS--GENERAL INFORMATION | |
| fixed length control field | 231113b |||||||| |||| 00| 0 eng d |
| 082 ## - DEWEY DECIMAL CLASSIFICATION NUMBER | |
| Classification number | 658.4052 |
| Item number | GRI-L |
| 100 ## - MAIN ENTRY--AUTHOR | |
| Author Name | Grint, Keith |
| 245 ## - TITLE STATEMENT | |
| Title | Leadership : |
| Remainder of title | Limits and Possibilities |
| 260 ## - PUBLICATION, DISTRIBUTION, ETC. | |
| Place of Publication | China |
| Name of publisher, distributor, etc. | Palgrave |
| Date of publication, distribution, etc. | 2005 |
| 300 ## - PHYSICAL DESCRIPTION | |
| Pages | 182 |
| 500 ## - GENERAL NOTE | |
| General note | Include Index |
| 650 ## - SUBJECT ADDED ENTRY--TOPICAL TERM | |
| Subject / Department | Management |
| 952 ## - LOCATION AND ITEM INFORMATION (KOHA) | |
| -- | 0 |
| -- | 0 |
| Lost status | Damaged status | Collection code | Permanent Location | Current Location | Shelving Location | Date acquired | Full Call Number | Accession No./Barcode | Date last seen | item type | Koha item type |
|---|---|---|---|---|---|---|---|---|---|---|---|
| Management | Superior Information Resource Center (SIRC) Superior University- Main Campus | Superior Information Resource Center (SIRC) Superior University- Main Campus | Management | 11/13/2023 | 658.4052 GRI-L 2005 | 20983 | 11/13/2023 | BOOK | BOOK |
